Presencia del mito

Guardat en:
Dades bibliogràfiques
Autor principal: Horia, Vintila (Autor)
Format: Llibre
Idioma:espanyol
Publicat: Madrid Escelicer 1956
Col·lecció:Colección 21. 13
Matèries:
Etiquetes: Afegir etiqueta
Sense etiquetes, Sigues el primer a etiquetar aquest registre!

MARC

LEADER 00000nam a2200000 a 4500
001 UCL6199
003 CL-VaPUC
008 040402e19560000SP |||||||||||||||||spa|d
082 0 4 |a 398.2  |b HOR  |2 21 
100 |a Horia, Vintila  |e author  |9 586387 
245 1 0 |a Presencia del mito 
300 |a 224 
942 |c BK 
945 |d 20040402 00:00:00  |a vberengu 
260 |a Madrid  |b Escelicer  |c 1956 
650 0 |a Mitología   |9 255719 
583 |a last modification  |c 20040402 00:00:00  |k Rodrigo Vera 
490 0 |a Colección 21. 13 
999 |c 308378  |d 308376 
952 |0 0  |1 2  |4 0  |6 398_200000000000000_HOR_1956  |7 0  |8 A  |9 374885  |a BIBTEO  |b BIBTEO  |d 2019-11-21  |i 2107694  |o 398.2 HOR 1956  |p 2107694  |r 2019-11-21  |w 2019-11-21  |x Descarte 2019  |y BK  |k ICR